Statistics for Countries biggest ally 1

Click here to take the quiz!

General Stats

  • This quiz has been taken 25 times
  • The average score is 14 of 15

Answer Stats

HintAnswer% Correct
North KoreaChina
100%
CyprusGreece
100%
South KoreaJapan
100%
FranceUK
100%
DenmarkNorway
96%
Saudi ArabiaUAE
96%
Isr**lUSA
96%
GermanyAustria
91%
AlbaniaKosovo
91%
MontenegroSerbia
91%
AzerbaijanTurkey
91%
SloveniaCroatia
87%
HungaryPoland
87%
PhilippinesIndonesia
78%
GeorgiaUkraine
65%

Score Distribution

Percentile by Number Answered

Percent of People with Each Score

Your Score History

You have not taken this quiz